| 000 | 01335nam a22002537a 4500 | ||
|---|---|---|---|
| 005 | 20110624145745.0 | ||
| 008 | 110624t xxu||||| |||| 00| 0 mar d | ||
| 010 | _aMAR-21009 | ||
| 020 | _c150.00 | ||
| 035 | _aMR-13667 | ||
| 037 | _bDBAD / PUB | ||
| 040 |
_aDPL _bMR |
||
| 082 | _a294.55 | ||
| 100 |
_aकुंभार,धोंडीराम दौलतराव _928780 |
||
| 245 |
_aश्री विठ्ठलाच्या संत मेळाव्यात श्रीसंत गोरा कुंभार / _cधोंडीराम दौलतराव कुंभार |
||
| 246 |
_aSri Vithalachya Sant Melavyat Srisant Gora Kumbhar _bby Dhondiram Dulatrao Kumbhar |
||
| 260 |
_aकोल्हापूर _bमुक्ताई प्रकाशन _c2009 |
||
| 270 |
_a' मुक्ताई ' प्लॉ.नं.24,इंगेवले कॉलनी,म. फुलेवाडी,ए वॉर्ड _bकोल्हापूर |
||
| 300 |
_a127पृ. _b22सेमी(अजिल्द) |
||
| 650 | _928781 | ||
| 650 | _928782 | ||
| 942 |
_2ddc _cMR _h294.55 _mकुंभार |
||
| 999 |
_c53180 _d53180 |
||